Rhein : Fahrradführer /
Saved in:
| Main Author: | |
|---|---|
| Format: | Book |
| Language: | German |
| Published: |
Kiel :
Moby Dick,
1995-
|
| Series: | Am Strom entlang.
|
| Subjects: | |
| Tags: |
Add Tag
No Tags, Be the first to tag this record!
|
| LEADER | 00739nam a2200241 a 4500 | ||
|---|---|---|---|
| 001 | 005804370-5 | ||
| 005 | 20021204140001.0 | ||
| 008 | 940630m19959999gw ab b 001|0 ger d | ||
| 020 | |a 389595005X | ||
| 035 | 0 | |a ocm40703147 | |
| 043 | |a e------ | ||
| 100 | 1 | |a Lugschitz, Herbert. | |
| 245 | 1 | 0 | |a Rhein : |b Fahrradführer / |c Herbert Lugschitz. |
| 260 | |a Kiel : |b Moby Dick, |c 1995- | ||
| 300 | |a v. : |b ill. (some col.), maps ; |c 21 cm. | ||
| 490 | 1 | |a Am Strom entlang | |
| 504 | |a Includes bibliographical references and index. | ||
| 505 | 1 | |a 1. Von den Quellen bis Mainz. | |
| 651 | 0 | |a Rhine River Region |x Guidebooks. | |
| 650 | 0 | |a Bicycle touring |z Rhine River Valley |x Guidebooks. | |
| 830 | 0 | |a Am Strom entlang. | |
| 988 | |a 20020608 | ||
| 906 | |0 MH | ||


